000 00196 a2200097 4500
020 _a9780545240307
041 _aspa
100 _aBauer, Marion Dane
245 _aMartin Luther King, Jr
942 _cBK
999 _c8725
_d8725